| 000 | 01108nam a22003017a 4500 | ||
|---|---|---|---|
| 003 | CHAP | ||
| 005 | 20220817042237.0 | ||
| 008 | 971013s1962 r 00010 d | ||
| 010 | _a38471 | ||
| 011 | _a39443 | ||
| 035 | _a43564 | ||
| 040 | _cCHAP | ||
| 082 |
_a636.085 _bM58 |
||
| 100 | 0 | 0 |
_aMitchell, H. H. _976225 |
| 245 | _aComparative nutrition of man and domestic animals | ||
| 260 |
_aNew York : _bAcademic Press, _c1962-64 |
||
| 300 |
_a2 v. _b: ilus |
||
| 505 | _aContenido: v.1 The nutrient requeriments of the animal body.- v.2 Vitamin requeriment in terms of dietary equivalentes. The utilization of dietary nutrients. Fulfillment | ||
| 590 |
_aBATCH-UPD _b10 _c20130110 _lUCH01 _h1547 |
||
| 590 |
_aBATCH-UPD _b10 _c20130410 _lUCH01 _h0946 |
||
| 590 |
_aBATCH-UPD _b10 _c20130914 _lUCH01 _h1820 |
||
| 590 |
_aCONVERSION _b10 _c20130109 _lUCH01 _h1321 |
||
| 650 | 1 | 4 | _aNutrición animal. |
| 901 | _aBK | ||
| 942 | _cLIBRO | ||
| 949 |
_a636.085 M58 _bBC _cLIBRO _d33724000267621 _eLIBRO _fv.1 _h24322 _i43564 _si |
||
| 949 |
_a636.085 M58 _bBC _cLIBRO _d33724000267639 _eLIBRO _fv.2 _h24323 _i43564 _si _t322.00 |
||
| 999 |
_c38471 _d38471 |
||